000 00459nam a22001577a 4500
003 OSt
005 20251124150101.0
008 251124b |||||||| |||| 00| 0 eng d
020 _a 9789719658023
040 _aDWCL-Main lib
_cOC
082 _aFil. 621.319 P552 2017
245 _aPhilippine electrical code part1/
260 _aQuezon City :
_b IIEE ,
_cc2017.
300 _axxii, 1141 pages :
_billustrations;
_c28cm.
942 _2ddc
_cBK - FIL
_kFil.
_n0
999 _c6113
_d6113